Obálka Náhled e-knihy:
PDF Epub
Pro půjčování e-knih musíte být přihlášeni.
Jak si půjčit online?

Nova /

Další příběh série Odpadlíci navazuje tam, kde skončil Wilder, a zaměřuje se na příběh Landona, přezdívaného Nova, a Rachel, nejlepší kamarádky Leah.

Uloženo v:
Série:Odpadlíci, část 2
Hlavní autor: Yarros, Rebecca, 1981- (Autor)
Médium: E-kniha
Jazyk:Czech
Vydáno: Praha : Dobrovský s.r.o., 2025
Edice:Red
Témata:
Příbuzné jednotky:Z cyklu:: Odpadlíci
Tagy:
Žádné tagy
LEADER 02208nam a2200469 i 4500
001 312713
003 CZ PrSKC
005 20260601215727.0
007 ta
008 250507s2025 xr g 000 f cze
015 |a cnb003568473 
020 |a 9788027741526  |q (brožováno) :  |c Kč 399,00 
035 |a (OCoLC)1544835945 
040 |a ABG001  |b cze  |d BOA001  |e rda 
041 1 |a cze  |h eng 
072 7 |a 821.111(73)-3  |x Americká próza  |2 Konspekt 
080 |a 821.111(73)-31  |2 MRF 
080 |a (0:82-312.5)  |2 MRF 
100 1 |a Yarros, Rebecca,  |d 1981-  |7 xx0306981  |4 aut 
240 1 0 |a Nova.  |l Česky 
245 1 0 |a Nova /  |c Rebecca Yarros ; přeložila Jana Patschová 
264 1 |a Praha :  |b Dobrovský s.r.o.,  |c 2025 
300 |a 383 stran ;  |c 20 cm 
336 |a text  |b txt  |2 rdacontent 
337 |a bez média  |b n  |2 rdamedia 
338 |a svazek  |b nc  |2 rdacarrier 
490 1 |a Red 
500 |a Přeloženo z angličtiny 
520 2 |a Další příběh série Odpadlíci navazuje tam, kde skončil Wilder, a zaměřuje se na příběh Landona, přezdívaného Nova, a Rachel, nejlepší kamarádky Leah.  |b Odpadlíci jsou stále na lodi Athéna, putují po světě, předvádějí kaskadérské kousky a zároveň studují. Landon nemá tušení, že na palubě je i dívka, které před dvěma lety zlomil srdce - a že se objeví ve chvíli, kdy to nejméně čekal. Nakladatelská anotace. Kráceno. 
546 |a Český text 
653 0 |a literatura new adult 
655 7 |a americké romány  |7 fd131796  |2 czenas 
655 7 |a milostné romány  |7 fd132840  |2 czenas 
655 9 |a American fiction  |2 eczenas 
655 9 |a love novels  |2 eczenas 
787 0 8 |i Z cyklu:  |t Odpadlíci  |g 2 
830 0 |a Red 
900 |a ABA001  |b 20 
044 |a xr 
910 |a RBIT002 
998 |d 420281  |a https://core.palmknihy.cz/api/books/420281/cover?svu7yq  |b https://core.palmknihy.cz/api/books/420281/cover/400?svu7yq  |c https://core.palmknihy.cz/api/books/420281/cover/50?svu7yq  |e 2029-09-25  |g 392  |i 9788027741526  |j https://core.palmknihy.cz/api/books/420281/preview.epub  |k https://core.palmknihy.cz/api/books/420281/preview.pdf  |l   |q 49  |r 1  |s https://www.palmknihy.cz/kniha/420281  |t ebook  |y 2025  |z 0  |v Odpadlíci  |w 2 
999 |d 312711